000 00501nam a2200181Ia 4500
999 _c3775
_d3775
003 OSt
005 20201109114720.0
008 190216s9999||||xx |||||||||||||| ||und||
020 _a9788184894233
040 _coclc
082 _a541.37
_bRIE/E
100 _aRieger, Philip H
_96344
245 0 _aElectrochemistry /
_cPhilip H Rieger
250 _a2nd Ed.
260 _bChapman And Hall,
_c2010.
_aNew York:
300 _a483p
942 _cBK
_2ddc
_h541.37
_iRIE/E
_k541.37
_mRIE/E